| 000 | 00723nam a2200217 a 4500 | ||
|---|---|---|---|
| 001 | 000024609 | ||
| 005 | 20200930023251.0 | ||
| 008 | 110201s1976 cau r 000 0 spa d | ||
| 040 |
_aDO-SdBNP _bspa _cBNPHU |
||
| 082 |
_a149.3 _bL673s |
||
| 100 | 1 |
_aLewis, Ralph M. _cImperator de la Orden Rosacruz para la Jurisdicción Internacional _950460 |
|
| 245 | 1 | 0 |
_aEl santuario del ser / _cRalph M. Lewis. |
| 260 |
_aCalifornia, (Estados Unidos) : _bGran Logia Suprema de Amorc, _c1976. |
||
| 300 |
_a252 p. : _bil. ; _c20 cm. |
||
| 490 | 1 | _aBiblioteca Rosacruz | |
| 650 | 4 |
_aMisticismo _914358 |
|
| 650 | 4 |
_aFilosofía mística _950461 |
|
| 650 | 4 |
_aRosacruses _950462 |
|
| 830 | 0 |
_aBiblioteca Rosacruz _940635 |
|
| 049 | _aBNGR | ||
| 999 |
_c24102 _d24102 |
||